Rumpelstilzchen un det jloobste?. (Record no. 6987)
[ view plain ]
| 000 -CABECERA | |
|---|---|
| campo de control de longitud fija | 00565nam a2200217 a 4500 |
| 001 - NÚMERO DE CONTROL | |
| campo de control | BRCA_7311 |
| 005 - FECHA Y HORA DE LA ÚLTIMA TRANSACCIÓN | |
| campo de control | 20190321142933.0 |
| 008 - DATOS DE LONGITUD FIJA--INFORMACIÓN GENERAL | |
| campo de control de longitud fija | 130612s1922----gw-#######---#000-0#ger-# |
| 041 ## - CÓDIGO DE LENGUA | |
| Código de lengua del texto/banda sonora o título independiente | ger |
| 044 ## - CÓDIGO DEL PAÍS DE LA ENTIDAD EDITORA/PRODUCTORA | |
| Código MARC del país | gw |
| 050 #4 - SIGNATURA TOPOGRÁFICA DE LA BIBLIOTECA DEL CONGRESO | |
| Número de documento/Ítem | .R96 1922 |
| 245 10 - MENCIÓN DE TÍTULO | |
| Título | Rumpelstilzchen un det jloobste?. |
| 260 ## - PUBLICACIÓN, DISTRIBUCIÓN, ETC. | |
| Lugar de publicación, distribución, etc. | Berlín |
| Nombre del editor, distribuidor, etc. | Brunnen-Verlag |
| Fecha de publicación, distribución, etc. | c1922 |
| 300 ## - DESCRIPCIÓN FÍSICA | |
| Extensión | 374 p. |
| Dimensiones | 20 cm. |
| 440 #0 - MENCIÓN DE SERIE/PUNTO DE ACCESO ADICIONAL--TÍTULO | |
| Título | Rumpelstilzchen, 1922/23 |
| Designación de volumen o secuencia | 3 |
| 9 (RLIN) | 18076 |
| 500 ## - NOTA GENERAL | |
| Nota general | Estado físico : parte del libro esta intonso |
| 500 ## - NOTA GENERAL | |
| Nota general | L100 |
| -- | Cuento |
| 653 0# - TÉRMINO DE INDIZACIÓN--NO CONTROLADO | |
| Término no controlado | Hermanos Grim |
| 902 ## - CATALOGADOR | |
| Iniciales | GFM |
| 942 ## - ELEMENTOS DE PUNTO DE ACCESO ADICIONAL (KOHA) | |
| Fuente del sistema de clasificación o colocación | Library of Congress Classification |
| Tipo de ítem Koha | Libros |
| Estado de retiro | Estado de pérdida | Estado dañado | No para préstamo | Localización permanente | Ubicación/localización actual | Fecha de adquisición | Número de inventario | Total de préstamos | Signatura topográfica completa | Código de barras | Fecha visto por última vez | Precio válido a partir de | Tipo de ítem Koha |
|---|---|---|---|---|---|---|---|---|---|---|---|---|---|
| El ejemplar forma parte de la colección y puede ser consultado según las políticas vigentes. | Biblioteca del Museo Franz Mayer (Rogerio Casas-Alatriste) | Biblioteca del Museo Franz Mayer (Rogerio Casas-Alatriste) | 13/06/2012 | L100 | .R96 1922 (L100) | 7894 | 22/03/2019 | 22/03/2019 | Libros |